[Event "Bundesliga 0405"]
[Site "Germany"]
[Date "2005.01.29"]
[Round "8.1"]
[White "Sandipan, Chanda"]
[Black "Lutz, Christopher"]
[Result "1/2-1/2"]
[WhiteElo "2543"]
[BlackElo "2596"]
[Annotator "Ftacnik,L"]
[PlyCount "64"]
[EventDate "2004.11.12"]
[EventType "team-tourn"]
[EventRounds "15"]
[EventCountry "GER"]
[SourceTitle "CBM 106"]
[Source "ChessBase"]
[SourceDate "2005.06.06"]
[SourceVersion "1"]
[SourceVersionDate "2005.06.06"]
[SourceQuality "1"]
[WhiteTeam "Solingen"]
[BlackTeam "Porz"]
[WhiteTeamCountry "GER"]
[BlackTeamCountry "GER"]

1. e4 c5 2. Nf3 d6 3. d4 cxd4 4. Nxd4 Nf6 5. Nc3 a6 6. Be3 e6 7. f3 b5 8. g4 b4
9. Nce2 h6 10. Qd2 e5 11. Nf5 d5 12. O-O-O Be6 13. exd5 {New move, that hopes
to save the tempo for the usual move 13.Kb1.} (13. Kb1 Nbd7 14. exd5 (14. Nc1
Qc7 15. Bd3 d4 16. Bf2 g6 17. Ng3 Nc5 18. h4 Na4 19. Nb3 Nd7 20. Ne2 Rb8 21. g5
a5 {0-1 Moreno Carnero,J-Vera,R/Seville 2001/ (45)}) 14... Bxd5 (14... Nxd5 15.
Nc1 (15. Bf2 Qa5 16. Nc1 Rd8 17. Nb3 Qa4 18. Bc4 Nf4 19. Bxe6 Nxe6 20. Nd6+
Bxd6 21. Qxd6 Nf6 22. Qxe5 {1-0 Baramidze,D-Wojtaszek,R/Chalkidiki 2001/ (33)})
15... Qc7 16. Bd3 Rb8 17. Ka1 Nc3 18. bxc3 bxc3 19. Qe1 g6 20. Nd4 exd4 21.
Bxd4 Ba3 22. Nb3 {1/2-1/2 Uribe,M-Arencibia,W/Cali 2001/ (64)}) 15. Bg2 Rc8 16.
Nc1 Qc7 17. Rhe1 Be6 18. h3 h5 19. Ng3 g6 20. gxh5 Nxh5 21. Nxh5 Rxh5 22. f4
Bh6 23. Nd3 a5 {1/2-1/2 Korneev,O-Vera,R/Seville 2001/ (41)}) 13... Qxd5 (13...
Nxd5 14. Neg3 Nd7 15. Bc4 Nxe3 16. Nxe3 $14) 14. Bg2 (14. Qxd5 $2 Bxd5 15. Bg2
g6 16. Nfg3 Nbd7 $17) (14. f4 Qxd2+ 15. Bxd2 Nxg4 16. Bg2 Ra7 $17) 14... Nbd7
15. Qxd5 Bxd5 (15... Nxd5 16. f4 (16. Bf2 O-O-O 17. Rd2 g6 18. Rhd1 h5 $17)
16... Nxe3 17. Nxe3 Rd8 18. Bc6 Bc5 19. Nf5 $15) 16. Rxd5 Nxd5 17. f4 Nxe3 (
17... N7f6 $2 18. fxe5 Nxe3 19. Nxe3 $18) 18. Bxa8 {[%mdl 4] It seems logical
to expect, that this position was part of Sandipan's preparation. Black has to
be careful not to neglect his development.} Nxf5 (18... Nxg4 19. Bc6 $5 (19. h3
Ngf6 20. fxe5 Nxe5 21. Nf4 $15) 19... exf4 20. Nxf4 Nge5 21. Re1 $11) 19. gxf5
Bd6 (19... exf4 20. Nxf4 Bd6 21. Re1+ Kd8 22. Nd5 Bxh2 23. Nxb4 $11) 20. Bc6
Ke7 (20... exf4 21. f6 gxf6 22. Rd1 Ke7 23. Nd4 Ne5 24. Nf5+ Ke6 25. Ng7+ Ke7
26. Nf5+ $11) 21. Ng3 Nc5 (21... exf4 22. f6+ Nxf6 (22... Kxf6 23. Ne4+ Ke7 24.
Bxd7 Kxd7 25. Rd1 $16) 23. Nf5+ Ke6 24. Nxg7+ Ke5 25. Re1+ Kd4 26. Nf5+ Kc5 27.
Bf3 $15) 22. f6+ $5 {Spirited idea wins access to f5 square, but black is well
organized to meet any danger.} (22. Re1 e4 23. Kb1 Rd8 24. Nxe4 Nxe4 25. c3
bxc3 26. bxc3 $15) 22... Kxf6 (22... gxf6 23. Nf5+ Ke6 24. Ng7+ Ke7 25. Nf5+
$11) 23. Rd1 Be7 (23... Ke6 24. f5+ Ke7 25. f6+ $1 gxf6 (25... Ke6 26. fxg7 Rg8
27. Bd5+ Kd7 28. Nf5 $18) 26. Nf5+ Ke6 27. Nxd6 $18) 24. fxe5+ Ke6 (24... Kxe5
25. Rd5+ Kf6 (25... Ke6 26. Nf5 Rc8 27. Nxg7+ Kf6 $15) 26. Rf5+ Kg6 27. Bf3 $15
) 25. Nh5 $2 {White has got carried away with a prospect of coordinated attack
on the black king, but this move is a serious mistake.} (25. Bd5+ Kxe5 26. Bxf7
Bg5+ $11) 25... Bg5+ (25... g6 $1 26. Nf6 (26. Ng7+ Kxe5 27. Rd5+ (27. Re1+ Kd6
28. Ne8+ Kxc6 29. Rxe7 f5 $17) 27... Kf4 28. Rd4+ Kg5 29. Ne8 Ne6 $17) 26...
Kxe5 $17) 26. Kb1 Rd8 (26... g6 27. Rd6+ Kxe5 28. Rd5+ Ke6 29. Ng7+ Kf6 30.
Ne8+ Rxe8 31. Bxe8 Be3 $11) 27. Nxg7+ Kxe5 28. Re1+ Kf6 (28... Kf4 29. Rf1+ Kg4
30. a3 $15) 29. Nh5+ Kg6 30. Ng3 Rd2 (30... f5 $2 31. Be8+ Kg7 (31... Kf6 32.
Nh5#) 32. Nxf5+ Kf6 $11) 31. Ne4 Nxe4 32. Bxe4+ Kg7 (32... f5 33. Bd3 Rxh2 34.
Rf1 $15) 1/2-1/2

[Event "Bundesliga 0102"]
[Site "Germany"]
[Date "2002.04.27"]
[Round "14.2"]
[White "Fressinet, Laurent"]
[Black "Nielsen, Peter Heine"]
[Result "1-0"]
[WhiteElo "2606"]
[BlackElo "2593"]
[Annotator "Ftacnik,L"]
[PlyCount "61"]
[EventDate "2001.10.06"]
[EventType "team-tourn"]
[EventRounds "15"]
[EventCountry "GER"]
[SourceTitle "CBM 089"]
[Source "ChessBase"]
[SourceDate "2002.08.12"]
[SourceVersion "1"]
[SourceVersionDate "2002.08.12"]
[SourceQuality "1"]
[WhiteTeam "Solingen"]
[BlackTeam "Wattenscheid"]
[WhiteTeamCountry "GER"]
[BlackTeamCountry "GER"]

1. e4 c5 2. Nf3 d6 3. d4 cxd4 4. Nxd4 Nf6 5. Nc3 a6 6. Be3 e6 7. f3 b5 8. Qd2
Nbd7 9. O-O-O Nb6 10. Qf2 Nfd7 11. f4 Qc7 12. f5 Nc5 13. fxe6 fxe6 14. e5 d5
15. Nb3 Nca4 {The concept of quickly opening up the f file is quite dangerous
for black. His only consolation is the weak pawn on e5, that he might try to
win.} (15... Nxb3+ 16. axb3 Nd7 17. Be2 Be7 18. Bd4 Nxe5 19. Qg3 Bd6 20. Nxd5
exd5 21. Bxe5 Bxe5 22. Bh5+ g6 23. Rhe1 O-O 24. Rxe5 Kh8 25. Bxg6 {1-0 Korneev,
O-Ortega Valle,J/Dos Hermanas 2002/ (36)}) 16. Nxa4 Nxa4 17. Be2 Qxe5 (17...
Be7 18. Qf4 Bb7 19. Rhf1 Rf8 20. Qg3 $14) 18. Bd4 Qg5+ (18... Qc7 19. Bh5+ $40)
19. Kb1 Bd6 (19... Be7 20. h4 Qh6 21. Rhf1 Rf8 22. Qg3 $40) 20. h4 Qe7 (20...
Qg3 21. Bh5+ Kd8 22. Qe2 $36) (20... Qh6 $5 21. Rhe1 Rf8 22. Bf3 $13) 21. Bh5+
Kd8 22. Rhe1 Rf8 23. Bf3 Bd7 (23... Qc7 24. Qe2 $13) 24. Qd2 Qxh4 $2 {[%mdl
256] This wrong capture takes the queen away from the center and gives white
the chance to open up the position with the help of spirited sacrifice.} (24...
Bg3 25. Re3 Bf4 26. Bxd5 Bxe3 27. Qa5+ Ke8 28. Bxa8 $40) (24... Rf5 $5 $13) 25.
Bxg7 (25. Rh1 Qg3 26. Rxh7 Rf7 $13) 25... Rf7 (25... Bb4 $5 26. c3 Rf7 27. Bxd5
Rf2 28. Bxa8 (28. Re2 $6 Rxe2 29. Qxe2 exd5 30. cxb4 Qg5 $11) 28... Rxd2 29.
Nxd2 $16) 26. Bxd5 $1 exd5 (26... Bf4 27. Qd4 exd5 28. Qxd5 Rxg7 29. Qxa8+ Kc7
30. Qa7+ Kd8 31. Nd4 $18) 27. Qxd5 {Defender's pieces are too uncoordinated.
Two attacked rooks are just complementing the odd location of The queen on h4
and the knight on a4.} Rxg7 (27... Nb6 28. Qxf7 $18) 28. Qxa8+ Kc7 29. Qa7+ Kd8
(29... Kc6 30. Na5#) 30. Na5 Nc5 (30... Rg6 31. Nb7+ Kc8 32. Qxa6 Bb8 33. Nd6+
Kd8 34. Qa8 $18) 31. Qb6+ (31. Qb6+ Bc7 32. Nc6+ Kc8 33. Re8+ Bxe8 34. Na7#)
1-0

[Event "Corus"]
[Site "Wijk aan Zee"]
[Date "2004.01.24"]
[Round "12"]
[White "Topalov, Veselin"]
[Black "Anand, Viswanathan"]
[Result "1-0"]
[WhiteElo "2735"]
[BlackElo "2766"]
[Annotator "Ftacnik,L"]
[PlyCount "87"]
[EventDate "2004.01.10"]
[EventType "tourn"]
[EventRounds "13"]
[EventCountry "NED"]
[EventCategory "19"]
[SourceTitle "CBM 099"]
[Source "ChessBase"]
[SourceDate "2004.03.30"]
[SourceVersion "1"]
[SourceVersionDate "2004.03.30"]
[SourceQuality "1"]

1. e4 c5 2. Nf3 d6 3. d4 cxd4 4. Nxd4 Nf6 5. Nc3 a6 6. f3 e6 7. Be3 b5 8. g4
Nfd7 9. Qd2 Nb6 10. a4 bxa4 11. Nxa4 Nxa4 12. Rxa4 Be7 13. g5 $146 {Topalov
doesn't move his bishop from f1, since he hopes to win a6 pawn or use the
piece on c8-h3 diagonal.} (13. Be2 O-O 14. O-O Bb7 15. Rfa1 Nd7 16. Nb3 Rb8 17.
Ba7 Rc8 18. Na5 Ba8 19. Bxa6 Ne5 20. Be2 f5 21. gxf5 exf5 22. Nc4 Qe8 {1/2-1/2
Anand,V-Kasparov,G/Kopavogur 2000/ (41)}) 13... O-O 14. h4 Bd7 $5 ({It seems
more natural to develop the bishop to b7, but the pawn e6 could have become
vulnerable.} 14... Bb7 15. h5 Nd7 16. g6 Nc5 17. Rb4 $5 a5 18. Rxb7 $1 Nxb7 19.
gxf7+ $44) 15. Ra1 Nc6 16. Rxa6 Qc7 $6 {It seems, that this move is inferior
to the direct} (16... Rxa6 17. Bxa6 Qa8 18. Nxc6 Bxc6 19. Be2 d5 $5 20. exd5
Bxd5 21. Kf2 (21. O-O $6 Qb8) 21... Rd8 22. Qc1 Qb7 $44 {Anand was not sure,
if the compensation would be sufficient.}) 17. Kf2 Nxd4 18. Bxd4 e5 (18... Rxa6
19. Bxa6 Ra8 20. Bd3 e5 21. Be3 Be6 22. h5 $14) 19. Be3 Rxa6 20. Bxa6 f5 21.
gxf6 Bxf6 (21... gxf6 $6 22. Rg1+ Kf7 23. Ke1 $16) 22. Qd5+ Kh8 23. Bc4 (23.
Be2 $5 Qxc2 24. Qxd6 Rd8 25. Qb4 Be6 {when black pieces are very active.})
23... Be8 24. Be2 Bf7 25. Qd2 Bh5 (25... Qc6 $5 26. c4 Bxc4 $1 27. Qc3 (27. Rc1
Bxh4+ 28. Kg2 d5 $1 $17) 27... d5 28. exd5 Bxd5 29. Qxc6 Bxc6 30. b4 $14) 26.
b3 Qe7 27. Kg2 Qf7 (27... Bxh4 $4 28. Rxh4 $1 Qxh4 29. Bg5 $18) 28. Rh3 (28.
Qxd6 Be7 29. Qd1 Qg6+ 30. Kh3 (30. Kf2 $6 Qxe4) 30... Qf6 31. Bg5 Qe6+ 32. Kh2
h6 33. Be3 Qf6 $132) 28... Be7 29. b4 {It will not be easy to get far with the
b pawn, since it can not easily be supported by white pieces.} h6 30. b5 (30.
c4 Qf6 31. b5 Bf7 32. Rg3 $14) 30... Qg6+ 31. Kh2 Qe6 32. Qd3 (32. b6 Be8 33.
Qd5 $14) 32... Be8 $1 33. Qb3 Qc8 (33... Qxb3 $5 34. cxb3 Bd7 35. Rg3 Bxh4 36.
Rg1 Rb8 37. Ba7 Rb7 38. b6 Bf2 39. Ba6 Bxg1+ 40. Kxg1 Bc6 41. Bxb7 Bxb7 42. Bb8
d5 43. exd5 Bxd5 44. Kf2 e4 $11) 34. b6 Bf7 35. Qb1 $2 (35. Qb2 $1) 35... Qc3
$2 {[%mdl 64] Paying back with the faulty move himself, Anand misses ingenious
shot.} (35... Be6 $1 36. b7 Qc3 $3 37. Ba7 (37. b8=Q Qxe3 $1 $15) 37... Qd2 38.
Qd1 Qb4 $11) 36. Bd3 $1 Rb8 (36... d5 37. b7 Bd6 38. Qb6 Qa3 39. Bc1 Qc5 40.
Qxc5 Bxc5 41. exd5 Rb8 42. c4 Rxb7 43. f4 $16) 37. Qg1 $1 {Topalov has managed
to consolidate his position and now is ready to attack on the kingside.} Bc4 $6
38. Qg6 $1 Bxd3 39. Rg3 $1 Bf6 (39... Qxc2+ 40. Rg2 Qxg2+ 41. Kxg2 $18) 40.
cxd3 Rxb6 {Desperation, but the threat of 41.Bxh6 was otherwise unstoppable.} (
40... Qe1 41. Bxh6 Qf2+ 42. Kh3 Qf1+ 43. Kg4 Qf2 44. Bg5 Rf8 45. Kh3 Bxg5 46.
Qxg5 $18) 41. Bxb6 Qb2+ 42. Rg2 Qxb6 43. Rc2 Bd8 (43... Qd8 44. Qf5 $18) 44. h5
1-0

[Event "CHN-RUS Summit Men 1st"]
[Site "Shanghai"]
[Date "2001.09.08"]
[Round "2"]
[White "Zhang, Pengxiang"]
[Black "Svidler, Peter"]
[Result "1/2-1/2"]
[WhiteElo "2487"]
[BlackElo "2695"]
[Annotator "Ftacnik,L"]
[PlyCount "82"]
[EventDate "2001.09.07"]
[EventType "schev"]
[EventRounds "6"]
[EventCountry "CHN"]
[SourceTitle "CBM 085"]
[Source "ChessBase"]
[SourceDate "2001.11.13"]
[SourceVersion "1"]
[SourceVersionDate "2001.11.13"]
[SourceQuality "1"]

1. e4 c5 2. Nf3 d6 3. d4 cxd4 4. Nxd4 Nf6 5. Nc3 a6 6. Be3 e6 7. f3 b5 8. g4 b4
9. Na4 Bd7 10. b3 Bxa4 11. bxa4 Qc7 12. Bg2 Nc6 13. O-O Be7 (13... h6 14. f4
Nxd4 15. e5 $5 Nxc2 16. Rc1 Nxe3 (16... Rc8 17. exf6 gxf6 18. Bd4 $40) 17. Rxc7
Nxd1 18. Bxa8 Kd8 19. Rxf7 Ne3 20. exf6 Nxf1 21. fxg7 Bxg7 22. Rxg7 $14) 14. g5
Nd7 15. f4 Nb6 (15... Na5 16. Rc1 Nc4 17. Bf2 Rb8 18. c3 $13) 16. Nxc6 Nc4 $1 {
Black has to play very carefully in order to get enough compensation for the
opponent's bishops pair.} (16... Qxc6 17. Qd4 Qc5 18. a3 $1 bxa3 19. Qd3 Qc7
20. Rxa3 $14) 17. Qd4 $1 (17. Bd4 Qxc6 18. Bxg7 Rg8 19. Bd4 e5 20. Bf2 exf4 21.
h4 Ne5 $15) 17... Nxe3 18. Qxg7 Rf8 (18... Nxf1 $2 19. Qxh8+ Bf8 20. Rxf1 Qxc6
21. f5 $18) 19. Nxe7 Nxf1 (19... Kxe7 20. Rf2 Qc5 21. Bf3 $11) (19... Qc5 20.
Kh1 Nxf1 21. e5 d5 22. Nxd5 exd5 (22... Ng3+ 23. hxg3 exd5 24. Qf6 $14) 23.
Rxf1 Qxc2 24. Qf6 $40) 20. Rxf1 $6 {[%mdl 128] White's attack is losing
momentum, it was much more dangerous to open up the position at all costs with
the sharp 20.e5!?} (20. e5 $5 d5 (20... Qc5+ 21. Kh1) 21. Nxd5 exd5 22. Rxf1
Qxc2 23. Qf6 $40) 20... Qxe7 21. Qxh7 Rc8 22. Kh1 (22. Rf2 Qa7 23. e5 Rc4 24.
Qd3 d5 $17) 22... Rxc2 23. e5 Rc4 (23... Rd2 $17) 24. g6 fxg6 25. Qxg6+ Qf7 (
25... Kd8 26. Rd1 Rfxf4 27. exd6 Qf6 28. Qg8+ Qf8 29. Qxe6 $13) 26. Qh6 Rg8 (
26... d5 27. f5 Rg4 (27... Rc2 28. Bf3 Kd8 29. f6 Rg8 $17) 28. h3 Rgg8 29. fxe6
Qxf1+ 30. Bxf1 Rxf1+ 31. Kh2 $11) 27. f5 $5 (27. exd6 Rc5 $17) 27... Rcg4 (
27... dxe5 28. f6 (28. fxe6 Qg6 $1 29. Qxg6+ Rxg6 30. Bb7 a5 $19) 28... Rg6 29.
Qh8+ $40 Rg8 30. Qh3 e4 $19) 28. Bc6+ Kd8 29. Qe3 Rc4 $2 {Probably the final
inaccuracy in a messy position, black is losing lion share of his advantage.} (
29... Qc7 $1 30. Bf3 Rh4 $19) 30. Bg2 Rxg2 (30... exf5 $2 31. exd6 $14) 31.
Qb6+ Qc7 32. Qxc7+ Rxc7 (32... Kxc7 33. Kxg2 exf5 34. exd6+ Kxd6 35. Rxf5 $11)
33. Kxg2 dxe5 34. fxe6 (34. f6 Ke8 $15) 34... Rg7+ 35. Kf3 Ke7 36. Rc1 Kxe6 (
36... Kd6 37. Rc8 $11) 37. Rc6+ Kf5 38. Rxa6 Rh7 39. Kg3 (39. Rb6 Rxh2 40. Rxb4
Rxa2 $11) 39... Rg7+ 40. Kf3 Rh7 41. Kg3 Rg7+ 1/2-1/2

[Event "RUS-ch 57th"]
[Site "Moscow"]
[Date "2004.11.15"]
[Round "1"]
[White "Motylev, Alexander"]
[Black "Grischuk, Alexander"]
[Result "0-1"]
[WhiteElo "2651"]
[BlackElo "2704"]
[Annotator "Ftacnik,L"]
[PlyCount "68"]
[EventDate "2004.11.15"]
[EventType "tourn"]
[EventRounds "11"]
[EventCountry "RUS"]
[EventCategory "18"]
[SourceTitle "CBM 104"]
[Source "ChessBase"]
[SourceDate "2005.01.27"]
[SourceVersion "1"]
[SourceVersionDate "2005.01.27"]
[SourceQuality "1"]

1. e4 c5 2. Nf3 d6 3. d4 cxd4 4. Nxd4 Nf6 5. Nc3 a6 6. f3 e6 7. Be3 b5 8. g4 h6
9. Qd2 Nbd7 10. O-O-O Ne5 11. g5 $6 {Motylev is trying to open up the position,
since he believes in the potential of his better developed pieces. The
exchange of pawns compromises positionally White's structure, Black can
immediately begin the fight for an advantage.} (11. Bd3 Bb7 (11... Qc7 12. Kb1
Bb7 13. h4 Nfd7 14. g5 hxg5 15. hxg5 Rxh1 16. Rxh1 b4 17. Nce2 d5 18. exd5 Bxd5
19. Nf4 Nxf3 20. Nxf3 Bxf3 21. Rf1 Qc6 22. Qf2 {1-0 Solozhenkin,E-Agrest,E/
Leningrad 1989/ (48)}) 12. Rhe1 Qa5 13. Kb1 b4 14. Nce2 d5 15. exd5 Nxd5 16. f4
Nxg4 17. Bg1 Be7 18. Nb3 Qc7 19. h3 Ngf6 20. Bd4 Bd6 {0-1 Schneider,D-Belov,V/
Moscow 2004/ (43)}) (11. a3 Bb7 12. Rg1 (12. Kb1 Rc8 13. Be2 Nfd7 14. f4 Nc4
15. Bxc4 Rxc4 16. Rhe1 Be7 17. Bf2 O-O 18. h4 Nc5 19. g5 h5 20. b3 Rxc3 21.
Qxc3 Nxe4 22. Qe3 Qa5 23. Rd3 g6 24. Kb2 Rc8 {0-1 Grischuk,A-Belov,V/playchess.
com INT 2004/ (54)}) 12... Rc8 13. h4 Nfd7 14. g5 hxg5 15. hxg5 Nb6 16. g6 Nbc4
17. gxf7+ Kd7 18. Qe1 Qh4 19. Qxh4 Rxh4 20. Bf2 Rh7 21. f4 Nxf7 22. Rg3 Re8 23.
Bh3 {1-0 Kovalev,A-Agrest,E/Passau 1994/ (30)}) 11... hxg5 12. Bxg5 Bb7 13. Rg1
(13. f4 $2 Ned7 14. Bg2 b4 $1 15. Na4 Bxe4 16. Bxe4 Nxe4 17. Bxd8 Nxd2 18. Kxd2
Rxd8 19. Nc6 Rc8 20. Nxb4 Rc4 $19) 13... Qa5 (13... b4 $5 14. Nb1 Qa5 15. a3 d5
$15) 14. a3 (14. Kb1 b4 15. Nce2 Nc4 16. Qd3 Rc8 $15) 14... Rc8 (14... b4 15.
Na2 d5 (15... Nxf3 16. Nxf3 Nxe4 17. Qxb4 Qxb4 18. Nxb4 Nxg5 19. Nxg5 Rxh2 20.
Bd3 $16) 16. Bxf6 gxf6 17. exd5 Bxd5 18. Nxb4 Bxb4 19. Qxb4 Qxb4 20. axb4 Rxh2
$11) 15. Kb1 (15. Nb3 Qb6 16. Be3 Qc7 17. Nd4 d5 $15) 15... Rxc3 $5 {[%mdl
1024] Very typical exchange sacrifice, Grischuk is connecting it with an
unusual idea. The only problem for Black was the attacking potential of the
opponent, without queens on the board the theme is endgame.} 16. Qxc3 (16. bxc3
Nxf3 $1 (16... Qxa3 17. Bxf6 gxf6 18. f4 $15) 17. Nxf3 Nxe4 18. Qe3 Nxc3+ 19.
Kc1 Bxf3 20. Qxf3 Qxa3+ 21. Kd2 d5 $19) 16... Qxc3 17. bxc3 Rxh2 18. Bf4 Rh5 (
18... Rh8 19. c4 bxc4 20. Ka2 Nfd7 21. Rb1 Nc5 $13) 19. Rg5 $6 {Somewhat
paradoxicaly it was probably better to part with bishop's pair 19.Bxe5!?,
since White would get the chance to solve the problems of his pawn structure.}
(19. Bxe5 $5 dxe5 (19... Rxe5 20. c4 bxc4 21. Bxc4 d5 22. exd5 Nxd5 23. Rd3 $11
) 20. Nb3 g5 21. c4 b4 $11) 19... Rxg5 20. Bxg5 Nfd7 (20... d5 21. Bxf6 gxf6
22. exd5 Bxd5 23. a4 $11) 21. a4 (21. c4 bxc4 (21... Nxc4 22. a4 $14) 22. Be2
Nc5 $15) 21... bxa4 22. Be2 Nc5 23. c4 (23. Rh1 d5 24. exd5 Bxd5 $15) 23... g6
24. Rh1 Ned7 25. Rh8 $2 {White is making a rare mistake in a difficult
position. The knight is seldom trapped on the central square d4.} (25. Bd3 Bg7
26. Be3 f5 $17) 25... e5 $1 26. c3 exd4 27. cxd4 Bxe4+ $1 {Grischuk calculates
variations excellently, the game move uses phantasy to win the material.} (
27... Ne6 28. Be3 Ke7 29. d5 Bg7 30. Rg8 Nd4 31. Rxg7 Nxe2 $17) 28. fxe4 (28.
Kb2 Ne6 29. Be3 Bf5 $19) 28... Nxe4 29. c5 (29. Bd1 $5 Nxg5 30. Bxa4 Ne6 (30...
Ke7 31. Bxd7 Bg7 32. Rg8 Bxd4 33. Bc6 Ne6 $19) 31. Bxd7+ Kxd7 32. d5 Ke7 33.
dxe6 fxe6 $19) 29... Nxg5 (29... dxc5 30. Be3 Nc3+ 31. Kc2 Nxe2 (31... cxd4 32.
Bxa6 dxe3 33. Kxc3 Ke7 $17) 32. dxc5 Ne5 33. Kd2 Ng3 34. Bf4 Ne4+ 35. Ke3 Nxc5
36. Bxe5 $17) 30. c6 Nb6 31. Bxa6 (31. c7 Ne6 $19) 31... Ne6 32. Ka2 d5 33. Rh1
Bd6 34. Rh8+ Ke7 0-1

[Event "Alushta Autumn 1st"]
[Site "Alushta"]
[Date "2002.09.25"]
[Round "15"]
[White "Livshits, Gaby"]
[Black "Obukhov, Alexander"]
[Result "1-0"]
[WhiteElo "2380"]
[BlackElo "2444"]
[Annotator "Ftacnik,L"]
[PlyCount "47"]
[EventDate "2002.09.15"]
[EventType "tourn"]
[EventRounds "15"]
[EventCountry "UKR"]
[EventCategory "9"]
[SourceTitle "CBM 092"]
[Source "ChessBase"]
[SourceDate "2003.02.06"]
[SourceVersion "1"]
[SourceVersionDate "2003.02.06"]
[SourceQuality "1"]

1. e4 c5 2. Nf3 d6 3. d4 cxd4 4. Nxd4 Nf6 5. Nc3 a6 6. g3 e6 7. Bg2 Be7 8. O-O
Qc7 9. Be3 O-O 10. f4 Nc6 11. Nxc6 bxc6 12. Na4 Rb8 13. c4 c5 14. b3 Bb7 15.
Nc3 Nd7 16. Qd2 Rbd8 {Black must be careful when defending this type of pawn
structure, d5 square could become crucial after elimination of the e6 pawn.} (
16... Rfe8 17. Rad1 Rbd8 18. g4 Bc6 19. g5 Bf8 {1/2-1/2 Popescu,D-Navrotescu,C/
Odorheiu Secuiesc 1993/ (19)}) 17. Rad1 g6 18. f5 Rfe8 19. Bg5 (19. fxe6 fxe6
20. Ne2 Ne5 21. Nf4 Bf8 22. Bh3 Bc8 $14) 19... Ne5 20. fxe6 (20. f6 $5 Bf8 21.
Bh6 Kh8 22. Bf4 $14) 20... fxe6 21. Bh6 Ng4 $2 {Obukhov falls for the cheap
solution, while simple 21...Bf8 seemed perfectly adequate for the equality.} (
21... Bf8 22. Bxf8 Rxf8 23. Rxf8+ Kxf8 24. Ne2 Qe7 $11) 22. Bh3 Nxh6 (22... Ne5
23. Bxe6+ Kh8 24. Bf7 $18) 23. Bxe6+ Kg7 $6 (23... Kh8 24. Nd5 (24. Qxh6 Bf8
25. Qh3 Qa5 26. Nd5 $16) 24... Bxd5 25. Qc3+ Bf6 26. Qxf6+ (26. Rxf6 Qg7 27.
exd5 Rf8 28. Rdf1 $16) 26... Qg7 27. Qxg7+ Kxg7 28. Bxd5 $18) 24. Nd5 $1 (24.
Nd5 $1 Bxd5 25. Qc3+ Bf6 26. Qxf6#) 1-0

[Event "Corus"]
[Site "Wijk aan Zee"]
[Date "2004.01.11"]
[Round "2"]
[White "Anand, Viswanathan"]
[Black "Akopian, Vladimir Eduardovic"]
[Result "1-0"]
[WhiteElo "2766"]
[BlackElo "2693"]
[Annotator "Ftacnik,L"]
[PlyCount "89"]
[EventDate "2004.01.10"]
[EventType "tourn"]
[EventRounds "13"]
[EventCountry "NED"]
[EventCategory "19"]
[SourceTitle "CBM 099"]
[Source "ChessBase"]
[SourceDate "2004.03.30"]
[SourceVersion "1"]
[SourceVersionDate "2004.03.30"]
[SourceQuality "1"]

1. e4 c5 2. Nf3 d6 3. d4 cxd4 4. Nxd4 Nf6 5. Nc3 a6 6. Be3 Nc6 7. f3 e6 8. g4
Be7 9. Qd2 O-O 10. O-O-O Nxd4 11. Bxd4 b5 12. g5 Nd7 13. h4 Qc7 14. Kb1 b4 15.
Na4 Bb7 16. Qxb4 Bc6 17. Nc3 Rfb8 18. Qc4 Ne5 19. Qe2 Qa5 {This queen move
looks a bit slow, Gelfand has improved with bishop's idea in later game.} (
19... Bb5 $5 20. Nxb5 axb5 21. c3 Nc4 22. b3 Qa5 23. Rh2 e5 24. Be3 Na3+ 25.
Kb2 Nc4+ 26. Kb1 Na3+ 27. Kb2 b4 {0-1 Iordachescu,V-Gelfand,B/Bermuda 2004/ 
(40)}) 20. f4 $6 (20. Qe3 $5 $14) 20... Ng6 $1 (20... Bb5 21. Qe1 Nf3 (21...
Bxf1 22. fxe5 dxe5 23. Nd5 Qxe1 24. Nxe7+ $16) 22. Qf2 Nxd4 23. Qxd4 Bc6 $44)
21. Qf3 (21. f5 e5 $1 22. fxg6 (22. Be3 $2 Qxc3 $19) 22... exd4 23. Nd5 Bxd5
24. exd5 Rxb2+ 25. Kxb2 Rb8+ 26. Kc1 Qa3+ 27. Kd2 Qc3+ 28. Kc1 $11) 21... e5
22. Bf2 {Anand must admit, that his 20th move was too optimistic, since
natural exchange on e5 loses.} (22. fxe5 dxe5 23. Bf2 Rxb2+ $1 24. Kxb2 Qa3+
25. Ka1 Bxe4 $1 26. Qe3 Bxh1 $17) 22... Qb4 23. b3 Nxf4 24. Be1 Qc5 (24... Qb7
25. Bg3 Ne6 26. Bc4 $14) 25. Bg3 a5 (25... Ne6 26. Nd5 Bxd5 27. Rxd5 Qc6 28.
Rh2 Nd4 $11) 26. Bxf4 exf4 27. Nd5 Bd8 $1 {[%mdl 32] Excellent move that saves
the dangerous bishop for an attack on weak dark squares.} 28. Qxf4 a4 29. Rh2
$1 Bxd5 30. exd5 (30. Rxd5 $2 Qc3 31. Rd3 (31. Rb5 Rxb5 32. Bxb5 a3 33. Qc1 Qe5
34. Rf2 Qxb5 $19) 31... axb3 $3 32. cxb3 (32. Rxc3 bxa2+ 33. Kc1 a1=Q+ 34. Kd2
Ba5 $19) 32... Rxb3+ $1 33. axb3 Ra1#) 30... Ba5 31. Qd4 Qa3 (31... Qc7 $1 32.
Qc4 Qd8 33. Qe4 Bc3 34. Bd3 $13) 32. h5 Bb6 (32... Rb4 33. Qb2 Qxb2+ 34. Kxb2
Rg4 35. Rg2 $16) 33. Qc3 Ba5 34. Qd4 Bb6 35. Qd3 $5 Re8 36. g6 $1 fxg6 37. hxg6
h6 $2 {Black finally errs with this faulty defensive move while bishop's
transfer to f6 would have been very unpleasant for white.} (37... Bd8 $1 38.
Rf2 Bf6 39. Rxf6 $1 axb3 40. Qxb3 Reb8 41. Bb5 $1 gxf6 $15) 38. Bh3 $1 Bd8 39.
Be6+ Rxe6 (39... Kh8 $2 40. Rxh6+ gxh6 41. Qd4+ $18) (39... Kf8 40. Rf1+ Bf6
41. Rxf6+ gxf6 42. g7+ $18) 40. dxe6 Bf6 41. c3 axb3 42. Qc4 $3 {Extremely
strong move ideally combines defense with an attack, Anand wins with his
mighty e pawn due to black's back rank problems.} Qa5 $5 (42... Rb8 43. e7+ Kh8
44. Rb2 $1 bxa2+ 45. Qxa2 $18) (42... bxa2+ 43. Rxa2 $18) 43. e7+ $1 (43. Qxb3
$6 Qf5+ 44. Kb2 Qxg6 $16) 43... Kh8 44. Re1 Be5 45. Qc6 1-0